Normal view
MARC view
- Textbooks
Entry Genre/Form Term
001 - CONTROL NUMBER
- control field: 98511
003 - CONTROL NUMBER IDENTIFIER
- control field: NUST
005 - DATE AND TIME OF LATEST TRANSACTION
- control field: 20220825121907.0
008 - FIXED-LENGTH DATA ELEMENTS
- fixed length control field: 220825|| aca||aabn | a|a d
040 ## - CATALOGING SOURCE
- Original cataloging agency: NUST
- Transcribing agency: NUST
155 ## - HEADING--GENRE/FORM TERM
- Genre/form term: Textbooks
670 ## - SOURCE DATA FOUND
- Source citation: Work cat.: (NUST)590600: Yates, Jean, author. 95025, English conversation , 2020
